1437 1890 1181 1344 1832 1293 1282 1088 1713 1119 1282 1778 1039 1806 1904 1208 1369 1773 1538 1530 1532 1899 1869 1656 1267 1405 1234 1240 1049 1203 1623 1293 1510 1543 1182 1417 1898 1529 1303 1346 1961 1119 1935 1469 1404 1936 1084 1019 1294 1642 1637 1192 1375 1299 1907 1248 1397 1062 1726 1315 1204 1157 1480 1883 1741 1251 1584 1911 1165 1638 1856 1939 1252 1585 1533 1108 1152 1025 1443 1407 1433 1561 1101 1977 1682 1338 1499 1792 1278 1729 1277 1547 1102 1061 1480 1729 1126 1930 1761 BCNSPRNW ULIB Ver.6.0+V

เปลี่ยนเป็นภาษาไทย

Change to English
 แสดงรายละเอียดบรรณานุกรม
  กลับหน้าหลัก

Brief Record : Get Marc (ISO 2709) : E-mail record : QR code < ปิดหน้าต่าง
LEADER : 00000nam 2200000uu 4500
001    13399120647
003     ULIB
008    121002s2548||||th 000 0 tha d
020    ^a9746114174 (ล.2)
050 04 ^aBF1298^bส719จ ล.2
245 00 ^aจิตวิทยาทั่วไป หน่วยที่ 8-15=^bGeneral Psychology /^cสาขาวิชาคหกรรมศาสตร์ มหาวิทยาลัยสุโขทัยธรรมาธิราช
246 31 ^aGeneral Psychology
250    ^aพิมพ์ครั้งที่ 18
260    ^aนนทบุรี :^bสำนักพิมพ์ มสธ.,^c2548
300    ^a2 เล่ม
500    ^aเอกสารการสอนชุดวิชาจิตวิทยาทั่วไป
650  7 ^aจิตวิทยา
710 2  ^aมหาวิทยาลัยสุโขทัยธรรมาธิราช. ^bสาขาวิชาคหกรรมศาสตร์
740 02 ^aเอกสารการสอนชุดวิชาจิตวิทยาทั่วไป
945    ^p0^l0^i24452
995    ^aวิภา
999 ^a ใช้งานได้ทุกระบบ
รายการนี้ยังไม่มีแท็ก
คุณยังไม่ได้ล็อกอิน คุณสามารถมีกิจกรรมร่วมกับเว็บไซต์ได้ แต่ต้องล็อกอินก่อน ::
  ล็อกอิน

รายการสื่อสารสนเทศ

ลำดับที่ ประเภท เลขเรียก/บาร์โค้ด สถานที่ สถานะ
1. วิทยาศาสตร์การแพทย์ และสุขภาพ
วิทยาศาสตร์การแพทย์ และสุขภาพ
BF1298 ส719จ ล.2  
  Barcode: 24452
ห้องสมุดวิทยาเขตสวรรค์ประชารักษ์
►หนังสือทั่วไป
บนชั้น

รายการใกล้เคียง
    หัวเรื่อง [จิตวิทยา]

BibComment


ยังไม่เคยถูกคอมเมนท์

คอมเมนท์ทรัพยากรรายการนี้
  คอมเมนท์: จิตวิทยาทั่วไป ห..


 Copyright 2026. Bcnsprnw @Library